Batman Arkham Asylum Quiz - Statistics

General Stats
  • This quiz has been taken 98 times
  • The average score is 18 of 51
Answer Stats
Hint Answer % Correct
Aside from Joker, who is the first 'super-criminal' we encounter in the game? Killer Croc
84%
Who is revealed to be Patient X? Bane
67%
Batman is only able to make one dose of the Titan antidote before Ivy's vines destroy the Batcomputer. Who does he use it on? Himself
63%
At several points of the game, Batman can go to the Visitor Center and have 'appointments' with Joker who plays recorded messages on a TV. Joker first welcomes Batman by saying "Sit down! Take off your ____!". Mask
63%
During Batman's first Scarecrow hallucination in the Morgue, who does he find in the body bags? (aside from Scarecrow) His Parents
61%
Who has a secret hideout in the Intensive Treatment elevators? Scarecrow
57%
Who is the only guest we actually witness Joker removing from the party list? Harley Quinn
55%
What is the name of the guard who attacks and kidnaps Commissioner Gordon? Frank Boles
53%
How does Ivy refer to her plants? My Babies
53%
Whose icy cell can be found in the Extreme Incarceration room where we defeat Harley Quinn? Mr Freeze
52%
In one of the patient interview tapes, who did Dr Young believe would be the perfect candidate for Titan? The Joker
52%
Dr Young
49%
During a breakout attempt, Killer Croc manages to eat which body part belonging to Aaron Cash? Left Hand
49%
Whose helicopter can be seen during Batman's final confrontation with Joker on the roof of the asylum? Jack Ryder
47%
What does Bane call Dr Young? (Hint: it's Spanish for witch) Bruja
44%
The first titan thug we encounter is very early on in the game. How does he die? Cardiac Arrest
44%
Which gadget does Batman use to incapacitate Joker during this final fight? Explosive Gel
44%
During the first cut scene where Batman drives Joker to the Asylum, the road signs warn drivers of what? Hitchhikers May Be Escaping Patients
43%
What caused Joker's crew to be transferred here from Blackgate prison? A fire (likely caused by Joker himself)
40%
What alias does Joker use when he contacts Dr Young via emails? Jack White
40%
What interesting item can be found in Dr Young's office, and is also a riddle? Black Mask's Mask
37%
Whose body can be found in the morgue outside Dr Young's office? (And disappears if you return later in the game) Ra's al Ghul
37%
What insect can be found in the centre of the Chronicles of Arkham plaques? (And is a reoccurring motif throughout the asylum) Scarab Beetle
37%
The Main Hall in the Arkham Mansion has a large statue of who? Amadeus Arkham
36%
During Batman's third and final Scarecrow hallucination, a crazed Batman can be seen eating what creature? A Rat
36%
Who is revealed to have an office in the Records Room of the mansion, with an electrified floor? Hugo Strange
36%
Whose patient tapes can be found in the penitentiary? Victor Zsasz
33%
From what item does Batman get a sample of Quincy Sharp's DNA, so he can track the Warden down? His Own Staff
32%
What gadget do we obtain after visiting the Batcave for a second time? Ultra-Batclaw
32%
In which room did Dr Young hide her research notes? Library
28%
After Batman's second Scarecrow hallucination, where does he end up? Top of the Bell Tower
28%
Complete the phrase: "Remember, a happy patient is a _____ patient." Quiet
24%
Which real life actor is referenced in the Scarecrow patient tapes when they mention a Dr Murphy? Cillian Murphy
21%
Who killed Amadeus Arkham's family? Martin 'Mad Dog' Hawkins
21%
A GCPD wanted poster is pinned up in the Penitentiary Guard Room where Harley suspends two guards over electrified water. Who is on the poster? Prometheus
21%
Whose gun can be found in the Penitentiary Main Cell Block? The Ventriloquist
21%
In Joker's patient interview tapes, what does he place in Harleen Quinzel's office after sneaking out of his cell? Flowers
20%
What is the name of the thug who gets left behind in the Medical gas room, and then later blown up by Joker when rigging explosives to the gargoyles in Intensive Treatment? Razor
20%
According to Oracle, GCPD found one of Joker's bombs on the mainland and discovered it was filled with what? Marzipan and Kittens
19%
What are the names of the three doctors Batman must rescue in the medical building? Dr Chen
17%
After Batman knocks out Zsasz, Dr Young hits his unconscious body and calls him a what? (two words) Evil Monster
17%
What is the name of the tobacco that Batman uses to track Gordon? Wild Country
17%
What organic material does Batman scan for in Harley's fingerprints to track the location of the Titan lab in the gardens? Chlorophyll
16%
What is the name of the room containing Poison Ivy's cell? The Green Mile
16%
The glasshouse where we fight Ivy's boss fight, is named after who? Elizabeth Arkham (Amadeus' mother)
15%
On Jack Ryder's radio report when Batman is leaving the Intensive Treatment building for the first time, Joker threatens to blow up a kindergarten, a hospital and what other building? A Billionaire's Mansion
13%
Dr Kellerman
12%
What does Harley offer to sneak into Ivy's cell? Shampoo
11%
Believing himself to be the Spirit of Amadeus Arkham, what plans did Quincy Sharp have for Harley after he wanted to interrogate her for information? A Lobotomy
8%
What is the only area in the asylum that Batman does not have access to? Patient Isolation
5%
During one of Batman's appointments at the Visitor Centre, Joker pokes fun at Robin's outfit. Complete the phrase: "Do you punish your hired help when they fail? Or is that _____ outfit you make him wear punishment enough?" Saucy
3%
No matching quizzes found
Score Distribution
Percent of People with Each Score
Percentile by Number Answered
Your Score History
You have not taken this quiz